50 Fictional Figures Quiz Stats

 Plays Quiz Updated Feb 18, 2014

Score 0/50 Timer 05:00
6 Plays Today
% Correct
Darth
98.2%
Sherlock
97.8%
Luke
97.6%
Mickey
97.3%
Santa
97.3%
Indiana
96.9%
Count
96.7%
Homer
96.6%
Huckleberry
96.4%
Harry
96.2%
Peter
96%
Robin
95.4%
Hannibal
95.2%
Ebenezer
95.1%
Wonder
95.1%
Prince
92.9%
Oliver
92.8%
Rocky
92.5%
Clark
92.1%
Betty
91.7%
Lara
90.6%
Robinson
89%
Flash
86%
Don
85.2%
Scarlett
84.6%
% Correct
Atticus
84.3%
Katniss
82.8%
Dick
80.1%
Captain
79.9%
Smokey
78.6%
Anna
78.1%
William
77%
Paul
74.7%
King
73.8%
Madame
72.9%
Archie
71.5%
Jay
71.1%
Dorothy
68.8%
Pepper
68.7%
Buck
65.4%
Perry
65.3%
Bella
64.7%
Holden
63.2%
J.R.
62.7%
Sam
60%
Hester
51.8%
Elmer
37.2%
Charles
36.8%
Josef
24.8%
Nora
17.8%

You're not logged in!

Compare scores with friends on all Sporcle quizzes.
OR
Log In

Show Comments

Extras

Top Quizzes Today


Score Distribution

Your Account Isn't Verified!

In order to create a playlist on Sporcle, you need to verify the email address you used during registration. Go to your Sporcle Settings to finish the process.

Report this User

Report this user for behavior that violates our Community Guidelines.

Details: